Anime geogusser - Statistics

General Stats
  • This quiz has been taken 298 times
  • The average score is 33 of 100
Answer Stats
Picture Answer % Correct
Attack on titan
88%
One piece
81%
Naruto
80%
Death note
78%
Assassination classroom
73%
Demon slayer
70%
My hero academia
69%
Dragon ball
66%
Oshi no ko
65%
Tokyo ghoul
64%
Jujutsu kaisen
63%
Frieren
62%
Your lie in april
62%
Sword art online
61%
Bleach
57%
Chainsaw man
57%
Dr stone
55%
Neon genesis Evangelion
53%
Kaguya sama Love is war
52%
Fire force
49%
Howls moving castle
49%
My dress up darling
47%
Violet evergarden
46%
HunterxHunter
45%
Vinland saga
45%
Spirited away
44%
Berserk
43%
Fairy tail
43%
No game no life
43%
Soul eater
43%
Fullmetal alchemist
41%
Pokemon
41%
Silent voice
41%
K on
40%
Cyberpunk Edgerunners
39%
Death parade
39%
Jojos bizarre adventure
39%
Black clover
38%
Re Zero
38%
Hells paradise
37%
Mob psycho 100
37%
One punch man
37%
Suzume door locking
37%
Dandadan
35%
Initial d
35%
Akira
34%
Bocchi the Rock
34%
Cowboy bebop
34%
Call of the night
29%
Steins gate
29%
Gachiakuta
28%
Made in abyss
28%
Oregairu
28%
Trigun
28%
Gintama
27%
Mashle
27%
More than a married couple but not lovers
26%
Sakamoto days
26%
Samurai champloo
25%
Konosuba
24%
Look back
24%
Monster
24%
Wotakoi
24%
Black butler
22%
Charlotte
22%
Kill la kill
22%
Quintessential quintuplets
22%
Miss kobayashis dragon maid
21%
Disastrous life of Saiki K
20%
Future diary
19%
Noragami
19%
Darling in the Franxx
18%
Girls und panzer
18%
Melancholy of Haruhi Suzumiya
18%
Horimiya
17%
Rascal does not dream of Bunny girl senpai
17%
Uma musume Pretty derby
17%
Black lagoon
16%
Fragrant flower blooms with dignity
16%
Gurren Lagann
16%
Welcome to demon school Iruma kun
16%
Azumanga daioh
14%
Dungeon meshi
14%
Prison school
14%
Kokoro connect
13%
Shangri la frontier
12%
Undead unluck
12%
Persona 5 the animation
11%
Welcome to the NHK
11%
Hellsing
10%
Kaiju no 8
10%
Dorohedoro
9%
Girls last tour
9%
Baccano
8%
Golden kamuy
7%
Keep your hands off Eizouken
5%
Love Chuunibyo and other delusions
5%
Mission Yozakura family
5%
Shimoneta
5%
Kindergarten WARS
3%
No matching quizzes found
Score Distribution
Percent of People with Each Score
Percentile by Number Answered
Your Score History
You have not taken this quiz